No Me Leas La Mente #2 - Estadísticas

Estadísticas generales
  • Esta prueba ha sido intentada 150 veces
  • La puntuación promedio es 5 de 10
Estadísticas de respuestas
nº de opciones pregunta respuesta % Correcto
12 Meses del año
100%
12 Signos del zodiaco
91%
11 Países que empiezan por la 'I'
73%
6 Figuras geométricas básicas
39%
5 Emociones básicas
39%
5 Colores de los aros olímpicos
38%
4 Tipos de dientes humanos
36%
6 Aeropuertos en Londres
23%
4 Casas de Hogwarts
20%
4 Palos de la baraja española
17%
No se encontraron pruebas coincidentes
Distribución de puntuación
Porcentaje de gente con cada puntuación
Porcentaje por número respondido
Historial de tus puntuaciones
No has intentado esta prueba.